[Event "HUN-chT2 Szechenyi 1314"]
[Site "Hungary"]
[Date "2013.11.03"]
[Round "4.7"]
[White "Domonkos, Andras"]
[Black "Grull, Denes"]
[Result "1/2-1/2"]
[WhiteElo "1951"]
[BlackElo "1859"]
[PlyCount "34"]
[EventDate "2013.09.08"]
[EventType "team-tourn"]
[EventRounds "11"]
[EventCountry "HUN"]
[SourceTitle "EXT 2016"]
[Source "ChessBase"]
[SourceDate "2015.10.08"]
[SourceVersion "1"]
[SourceVersionDate "2015.10.08"]
[SourceQuality "1"]
[WhiteTeam "Veszprem"]
[BlackTeam "Szombathely Haladas III"]
[WhiteTeamCountry "HUN"]
[BlackTeamCountry "HUN"]

1. c4 c6 2. Nc3 d5 3. cxd5 cxd5 4. d4 Nc6 5. Nf3 g6 6. e3 a6 7. Be2 Bg7 8. 0-0 Nf6 9. a3 0-0 10. b4 Be6 11. Ng5 Bf5 12. Bb2 h6 13. Nf3 Ne4 14. Rc1 Be6 15. Nd2 Nxd2 16. Qxd2 Qd6 17. Bd3 Bd7 1/2-1/2

[Event "HUN-chT2 Szechenyi 1213"]
[Site "Hungary"]
[Date "2013.03.24"]
[Round "9.7"]
[White "Grull, Denes"]
[Black "Kovacs, Dezso"]
[Result "1-0"]
[WhiteElo "1836"]
[BlackElo "1943"]
[PlyCount "97"]
[EventDate "2012.09.16"]
[EventType "team-tourn"]
[EventRounds "11"]
[EventCountry "HUN"]
[SourceTitle "EXT 2014"]
[Source "ChessBase"]
[SourceDate "2013.11.20"]
[SourceVersion "1"]
[SourceVersionDate "2013.11.20"]
[SourceQuality "1"]
[WhiteTeam "Haladas III"]
[BlackTeam "Lovo"]
[WhiteTeamCountry "HUN"]
[BlackTeamCountry "HUN"]

1. e4 c6 2. d4 d5 3. Nd2 dxe4 4. Nxe4 Bf5 5. Ng3 Bg6 6. Nf3 e6 7. h4 h6 8. Ne5 Bh7 9. Be2 Nf6 10. Nh5 Nbd7 11. Nxf6+ Nxf6 12. g4 Bd6 13. Bf4 Nd5 14. Bg3 f6 15. Nc4 Bxg3 16. fxg3 Qc7 17. Rg1 0-0-0 18. Bd3 Nb6 19. Qe2 Rxd4 20. Nxb6+ Qxb6 21. Qxe6+ Kb8 22. 0-0-0 Bxd3 23. cxd3 Rxd3 24. Rxd3 Qxg1+ 25. Kd2 Qf2+ 26. Kc1 Qc5+ 27. Kd2 Qb6 28. Kc2 a6 29. Qe7 Qf2+ 30. Kc3 Rg8 31. Qf7 Qc5+ 32. Kd2 Qf8 33. Qxf8+ Rxf8 34. Rd7 Rg8 35. Ke3 Ka7 36. Kf4 g5+ 37. Kf5 gxh4 38. gxh4 Rf8 39. Rh7 Rd8 40. Rxh6 Rd2 41. Rxf6 Rxb2 42. h5 Rxa2 43. h6 Rh2 44. g5 a5 45. g6 Rh5+ 46. Ke6 Rh1 47. g7 a4 48. g8Q a3 49. Qg3 1-0

[Event "HUN-chT2 Szechenyi 1112"]
[Site "Hungary"]
[Date "2012.04.22"]
[Round "9.5"]
[White "Grull, Denes"]
[Black "Tako, Annamaria"]
[Result "1/2-1/2"]
[WhiteElo "1865"]
[BlackElo "1954"]
[PlyCount "59"]
[EventDate "2011.09.25"]
[EventType "team-tourn"]
[EventRounds "11"]
[EventCountry "HUN"]
[SourceTitle "EXT 2013"]
[Source "ChessBase"]
[SourceDate "2012.11.22"]
[SourceVersion "1"]
[SourceVersionDate "2012.11.22"]
[SourceQuality "1"]
[WhiteTeam "Haladas"]
[BlackTeam "Arboretum"]
[WhiteTeamCountry "HUN"]
[BlackTeamCountry "HUN"]

1. e4 e5 2. Nf3 Nc6 3. Bb5 a6 4. Ba4 Nf6 5. 0-0 Be7 6. Bxc6 dxc6 7. d3 Bg4 8. Nbd2 Bxf3 9. Nxf3 Qd6 10. d4 Nd7 11. dxe5 Nxe5 12. Nxe5 Qxe5 13. Qg4 h5 14. Qf4 Qxf4 15. Bxf4 0-0-0 16. Rad1 Bc5 17. Rd3 Rxd3 18. cxd3 Rd8 19. Rd1 Bd4 20. b3 c5 21. Kf1 b6 22. Ke2 Kd7 23. f3 f6 24. Be3 Ke6 25. Rc1 Rd7 26. f4 g6 27. Rf1 Bxe3 28. Kxe3 Ke7 29. Rc1 Ke6 30. g3 1/2-1/2

[Event "HUN-chT2 Charousek 1112"]
[Site "Hungary"]
[Date "2011.09.25"]
[Round "1"]
[White "Reiter, Laszlo"]
[Black "Grull, Denes"]
[Result "1-0"]
[WhiteElo "1877"]
[BlackElo "1865"]
[PlyCount "120"]
[EventDate "2011.09.25"]
[EventType "team-tourn"]
[EventRounds "11"]
[EventCountry "HUN"]
[SourceTitle "EXT 2013"]
[Source "ChessBase"]
[SourceDate "2012.11.22"]
[SourceVersion "1"]
[SourceVersionDate "2012.11.22"]
[SourceQuality "1"]
[WhiteTeam "Fehervar"]
[BlackTeam "Haladas II"]
[WhiteTeamCountry "HUN"]
[BlackTeamCountry "HUN"]

1. c4 c6 2. Nc3 d5 3. e3 Nf6 4. Nf3 e6 5. Be2 Be7 6. 0-0 0-0 7. d4 Nbd7 8. Bd2 b6 9. Rc1 Bb7 10. Bd3 c5 11. Qe2 Rc8 12. Ne5 Re8 13. f4 Nf8 14. cxd5 exd5 15. g4 cxd4 16. exd4 Ne6 17. Be3 Ne4 18. g5 f6 19. gxf6 Bxf6 20. Bb5 Nxc3 21. bxc3 Re7 22. Bd3 Nf8 23. Kh1 Rcc7 24. Rg1 Bc8 25. Bd2 Be6 26. f5 Bf7 27. Bf4 Rc8 28. Rge1 Be8 29. Ba6 Ra8 30. Qg2 Kh8 31. Ng4 Rxe1+ 32. Rxe1 Bh4 33. Re3 Bg5 34. Qf3 Bxf4 35. Qxf4 Nd7 36. Bb7 Rb8 37. Bxd5 Nf8 38. Bg2 Nd7 39. Qe4 Bf7 40. Qe7 Bxa2 41. Bc6 Qxe7 42. Rxe7 Nf8 43. Rxa7 Bb1 44. f6 gxf6 45. Nxf6 Ne6 46. Be4 Bxe4+ 47. Nxe4 Rf8 48. Rb7 Rf4 49. Ng3 Rf2 50. Ne4 Rf4 51. Ng3 Rf2 52. Kg1 Rb2 53. Nh5 Kg8 54. Nf6+ Kf8 55. Nd7+ Kf7 56. Rxb6 Rc2 57. Ne5+ Kf6 58. Ng4+ Kf7 59. d5 Nc5 60. Ne5+ Kg7 1-0

[Event "HUN-chT2 Szechenyi 1011"]
[Site "Hungary"]
[Date "2011.03.27"]
[Round "7.7"]
[White "Katona, Janos"]
[Black "Grull, Denes"]
[Result "1-0"]
[WhiteElo "1975"]
[BlackElo "1773"]
[PlyCount "93"]
[EventDate "2010.09.12"]
[EventType "team-tourn"]
[EventRounds "11"]
[EventCountry "HUN"]
[SourceTitle "EXT 2012"]
[Source "ChessBase"]
[SourceDate "2011.11.24"]
[SourceVersion "1"]
[SourceVersionDate "2011.11.24"]
[SourceQuality "1"]
[WhiteTeam "Sarvar"]
[BlackTeam "HVSE Infraplan"]
[WhiteTeamCountry "HUN"]
[BlackTeamCountry "HUN"]

1. d4 d5 2. Nf3 Nf6 3. c4 c6 4. Nc3 Nbd7 5. Bg5 e6 6. e3 Be7 7. Rc1 0-0 8. Bd3 h6 9. Bh4 b6 10. cxd5 exd5 11. 0-0 Bb7 12. Qe2 c5 13. Rfd1 Re8 14. h3 c4 15. Bb1 a6 16. a4 Bc6 17. Qc2 b5 18. axb5 axb5 19. Ne5 Qb6 20. Nxd7 Bxd7 21. Nxd5 Qd6 22. Nxe7+ Qxe7 23. d5 Qe4 24. Bxf6 Qxc2 25. Rxc2 gxf6 26. Rcd2 Re5 27. Kh2 Kf8 28. e4 Rae8 29. f4 Rxe4 30. Bxe4 Rxe4 31. Rd4 f5 32. Kg3 Ke7 33. Kf3 Rxd4 34. Rxd4 Kd6 35. Ke3 Bc8 36. Rd1 Bb7 37. Kd4 Bxd5 38. g3 Bg2 39. h4 Bc6 40. Ra1 h5 41. Ra7 Be8 42. Ra8 Bc6 43. Rh8 Bf3 44. Rh6+ Ke7 45. Rb6 Be2 46. Rxb5 c3 47. Rb7+ 1-0

[Event "HUN-chT U18"]
[Site "Miskolc"]
[Date "2010.11.06"]
[Round "8.14"]
[White "Grull, Denes"]
[Black "Juhasz, Armin"]
[Result "1/2-1/2"]
[WhiteElo "1773"]
[BlackElo "1998"]
[PlyCount "76"]
[EventDate "2010.11.02"]
[EventType "team-swiss"]
[EventRounds "8"]
[EventCountry "HUN"]
[SourceTitle "EXT 2016"]
[Source "ChessBase"]
[SourceDate "2015.10.08"]
[SourceVersion "1"]
[SourceVersionDate "2015.10.08"]
[SourceQuality "1"]

1. e4 c6 2. d4 d5 3. Nc3 dxe4 4. Nxe4 Nd7 5. Nf3 Ngf6 6. Nxf6+ Nxf6 7. Bd3 Bg4 8. c3 e6 9. h3 Bh5 10. Bf4 Be7 11. 0-0 0-0 12. Be2 c5 13. dxc5 Bxc5 14. Be5 Qb6 15. Qb3 Ne4 16. Qxb6 Bxb6 17. Bd4 Bc7 18. Rfe1 Nf6 19. Ne5 Bxe2 20. Rxe2 Nd5 21. Nd3 Rfe8 22. Rae1 b5 23. a4 a6 24. Ra1 Nb6 25. axb5 axb5 26. Rxa8 Rxa8 27. Be5 Ra1+ 28. Kh2 Bd8 29. Bd4 Nc4 30. Ne5 Bc7 31. b3 Na5 32. b4 Nb3 33. g3 Nxd4 34. cxd4 g6 35. Rb2 Bb6 36. Nf3 Rd1 37. Rc2 Rb1 38. Rc6 Ba7 1/2-1/2

[Event "HUN-chT U18"]
[Site "Miskolc"]
[Date "2010.11.03"]
[Round "3.15"]
[White "Grull, Denes"]
[Black "Nemeth, Gergely"]
[Result "1/2-1/2"]
[WhiteElo "1773"]
[BlackElo "1883"]
[PlyCount "105"]
[EventDate "2010.11.02"]
[EventType "team-swiss"]
[EventRounds "8"]
[EventCountry "HUN"]
[SourceTitle "EXT 2016"]
[Source "ChessBase"]
[SourceDate "2015.10.08"]
[SourceVersion "1"]
[SourceVersionDate "2015.10.08"]
[SourceQuality "1"]

1. e4 e6 2. d4 d5 3. exd5 exd5 4. Bd3 Bd6 5. Nf3 Ne7 6. c3 c6 7. Qc2 Bg4 8. Nbd2 Nd7 9. 0-0 Qc7 10. Re1 f6 11. b3 0-0-0 12. a4 g5 13. h3 Bxf3 14. Nxf3 h5 15. Bf5 Rdg8 16. Be3 g4 17. Nd2 Nxf5 18. Qxf5 gxh3 19. Qxh3 Rh7 20. Nf3 h4 21. Kh1 Kb8 22. c4 Bb4 23. Rf1 Nb6 24. c5 Nc8 25. Qh2 Qxh2+ 26. Kxh2 Ba5 27. Bf4+ Bc7 28. Bxc7+ Kxc7 29. Rae1 Ne7 30. Re6 Rg6 31. Rfe1 Nf5 32. Kh3 Rhg7 33. Rg1 Kd7 34. Re2 Rg4 35. Rd2 Rf4 36. Re1 Rg8 37. Rd3 Rg7 38. Rd2 Rgg4 39. Red1 Re4 40. Rd3 Rg7 41. Re1 Rge7 42. Red1 Ke8 43. Nh2 Kf7 44. Nf3 Kg6 45. Nh2 Re2 46. R3d2 R7e4 47. Nf3 Kh5 48. Kh2 Kg4 49. Kg1 h3 50. Nh2+ Kh5 51. Rxe2 Rxe2 52. gxh3 Nh4 53. Ng4 1/2-1/2

[Event "HUN-chT2 Szechenyi 0910"]
[Site "Hungary"]
[Date "2010.04.11"]
[Round "9.10"]
[White "Grull, Denes"]
[Black "Laszlo, Peter Miklos"]
[Result "1-0"]
[WhiteElo "1763"]
[BlackElo "1779"]
[PlyCount "105"]
[EventDate "2009.11.08"]
[EventType "team-tourn"]
[EventRounds "11"]
[EventCountry "HUN"]
[SourceTitle "EXT 2011"]
[Source "ChessBase"]
[SourceDate "2010.11.26"]
[SourceVersion "1"]
[SourceVersionDate "2010.11.26"]
[SourceQuality "1"]
[WhiteTeam "HVSE Infraplan"]
[BlackTeam "Ajka Banyasz"]
[WhiteTeamCountry "HUN"]
[BlackTeamCountry "HUN"]

1. e4 g6 2. d4 Bg7 3. Nf3 d6 4. Bd3 Nc6 5. c3 Nf6 6. 0-0 0-0 7. Bg5 h6 8. Be3 Ng4 9. Bd2 a6 10. h3 Nf6 11. Qc1 Kh7 12. Re1 e5 13. d5 Ne7 14. c4 Nd7 15. Nc3 b6 16. b4 Bb7 17. Na4 c5 18. bxc5 Nxc5 19. Nxc5 bxc5 20. Rb1 Qc7 21. Qa3 Rfb8 22. Ba5 Qd7 23. Bc2 Kh8 24. Ba4 Qc8 25. Rb6 Bf8 26. Rxd6 Nc6 27. Rxc6 Bxc6 28. Bxc6 Ra7 29. Nxe5 Re7 30. Nf3 Ra7 31. e5 Kh7 32. Ba4 Rab7 33. d6 Qe6 34. Bc7 Rc8 35. d7 Rbxc7 36. dxc8Q Rxc8 37. Bb3 Kg7 38. Qc1 Be7 39. Rd1 Qc6 40. Qd2 Rc7 41. Qd5 Qb6 42. Re1 Rc6 43. Ba4 Rc8 44. e6 f6 45. Qe4 Rd8 46. Qc6 Qb4 47. Qxa6 Rd3 48. Qb5 Qc3 49. Rf1 Rd6 50. Bb3 Rxe6 51. Qd7 Kf7 52. Qd5 Qb4 53. Re1 1-0

[Event "HUN-chT U18"]
[Site "Miskolc"]
[Date "2009.10.30"]
[Round "8.22"]
[White "Ngo Tan, Dai"]
[Black "Grull, Denes"]
[Result "1-0"]
[WhiteElo "1690"]
[BlackElo "1763"]
[PlyCount "77"]
[EventDate "2009.10.26"]
[EventType "team-swiss"]
[EventRounds "8"]
[EventCountry "HUN"]
[SourceTitle "EXT 2016"]
[Source "ChessBase"]
[SourceDate "2015.10.08"]
[SourceVersion "1"]
[SourceVersionDate "2015.10.08"]
[SourceQuality "1"]

1. e4 c6 2. d4 d5 3. exd5 cxd5 4. c4 e6 5. c5 Nc6 6. Nc3 a6 7. a3 Nf6 8. Nf3 Ne4 9. Bd2 Qf6 10. b4 Nxd4 11. Nxe4 dxe4 12. Nxd4 Qxd4 13. Be2 Be7 14. 0-0 0-0 15. Qc2 f5 16. Rad1 Qe5 17. Bc4 Qc7 18. Qb3 Qc6 19. Bf4 b5 20. Be2 Bb7 21. Bd6 Bxd6 22. Rxd6 Qc7 23. Qxe6+ Kh8 24. Rd7 Bc8 25. Qd6 Qxd6 26. Rxd6 f4 27. f3 e3 28. Rfd1 Bf5 29. Bd3 Bxd3 30. R6xd3 a5 31. Kf1 axb4 32. axb4 Ra2 33. Re1 Rf2+ 34. Kg1 Rb2 35. c6 Rxb4 36. c7 h6 37. Rd8 Rc4 38. Rxf8+ Kh7 39. Rxf4 1-0

[Event "HUN-chT U18"]
[Site "Miskolc"]
[Date "2009.10.27"]
[Round "3.18"]
[White "Grull, Denes"]
[Black "Zelena, Tamas"]
[Result "1/2-1/2"]
[WhiteElo "1763"]
[BlackElo "1634"]
[PlyCount "78"]
[EventDate "2009.10.26"]
[EventType "team-swiss"]
[EventRounds "8"]
[EventCountry "HUN"]
[SourceTitle "EXT 2016"]
[Source "ChessBase"]
[SourceDate "2015.10.08"]
[SourceVersion "1"]
[SourceVersionDate "2015.10.08"]
[SourceQuality "1"]

1. e4 d6 2. d4 Nf6 3. Nc3 Nbd7 4. Nf3 e5 5. Bc4 h6 6. 0-0 Be7 7. Be3 c6 8. a4 a5 9. Nd2 g5 10. dxe5 dxe5 11. Be2 Bd6 12. Nc4 Bc7 13. Nd6+ Kf8 14. Bc4 Rh7 15. h4 Nb6 16. Bxb6 Bxb6 17. Nxf7 Qxd1 18. Raxd1 Rxf7 19. Bxf7 Kxf7 20. hxg5 hxg5 21. Rd3 Be6 22. Rfd1 Rh8 23. R1d2 Rh4 24. Rg3 Bd4 25. b3 Bxc3 26. Rxc3 Nxe4 27. Rf3+ Rf4 28. Rxf4+ exf4 29. Rd4 Bf5 30. f3 Nc3 31. Rd2 Ke6 32. Kf2 b5 33. axb5 cxb5 34. Ke1 a4 35. bxa4 bxa4 36. Rd8 Ke7 37. Ra8 Bd7 38. Kd2 Nb1+ 39. Kc1 Na3 1/2-1/2

[Event "HUN-ch U14"]
[Site "Balatonlelle"]
[Date "2009.07.01"]
[Round "5"]
[White "Becskei, Zoltan"]
[Black "Grull, Denes"]
[Result "1/2-1/2"]
[WhiteElo "1907"]
[BlackElo "1564"]
[PlyCount "128"]
[EventDate "2009.06.27"]
[EventType "swiss"]
[EventRounds "9"]
[EventCountry "HUN"]
[SourceTitle "EXT 2011"]
[Source "ChessBase"]
[SourceDate "2010.11.26"]
[SourceVersion "1"]
[SourceVersionDate "2010.11.26"]
[SourceQuality "1"]

1. e4 c6 2. Nc3 d5 3. Nf3 dxe4 4. Nxe4 Nf6 5. Qe2 e6 6. Nxf6+ Qxf6 7. d4 h6 8. Bd2 Bd6 9. 0-0-0 Nd7 10. Qe4 Qe7 11. Bd3 Nf6 12. Qe2 Bd7 13. c4 0-0-0 14. Ba5 b6 15. Bc3 c5 16. Kb1 Bc6 17. Ne5 Bb7 18. f3 Kb8 19. Bc2 Rc8 20. dxc5 Bxc5 21. Be4 Nxe4 22. fxe4 Rhd8 23. Nd3 Bd4 24. Ne5 Bxc3 25. bxc3 f6 26. Nf3 Qc5 27. Nd4 Re8 28. Nb5 Re7 29. Qd3 Ka8 30. Nd6 Rd8 31. Nxb7 Rxd3 32. Nxc5 Rxd1+ 33. Rxd1 bxc5 34. Kc2 Kb7 35. Rd8 Kc7 36. Ra8 Kb7 37. Rg8 Kc7 38. Kd3 Kd6 39. Ke3 Rd7 40. Kf4 Rc7 41. g3 Rb7 42. a4 Rc7 43. a5 Rb7 44. Kg4 Rc7 45. h4 Ke5 46. Kf3 f5 47. exf5 exf5 48. Rb8 g5 49. Re8+ Kf6 50. hxg5+ hxg5 51. Rb8 Ke5 52. Re8+ Kf6 53. Rb8 Ke5 54. a6 Rc6 55. Re8+ Kf6 56. Rh8 Ke5 57. Rd8 Kf6 58. Rd5 Ke6 59. g4 fxg4+ 60. Kxg4 Rxa6 61. Rxc5 Kd6 62. Rxg5 Ra3 63. Rd5+ Kc6 64. Kf4 Rxc3 1/2-1/2

[Event "HUN-ch U14"]
[Site "Balatonlelle"]
[Date "2009.06.29"]
[Round "3"]
[White "Zsirai, Andras"]
[Black "Grull, Denes"]
[Result "1/2-1/2"]
[WhiteElo "1719"]
[BlackElo "1564"]
[PlyCount "44"]
[EventDate "2009.06.27"]
[EventType "swiss"]
[EventRounds "9"]
[EventCountry "HUN"]
[SourceTitle "EXT 2011"]
[Source "ChessBase"]
[SourceDate "2010.11.26"]
[SourceVersion "1"]
[SourceVersionDate "2010.11.26"]
[SourceQuality "1"]

1. e4 c6 2. d4 d5 3. e5 Bf5 4. Nf3 e6 5. Be2 Nd7 6. 0-0 a6 7. c3 c5 8. Bd3 Bxd3 9. Qxd3 Ne7 10. Na3 c4 11. Qe2 Nf5 12. Nc2 Be7 13. Ne3 Nxe3 14. Bxe3 0-0 15. Rfd1 b5 16. Qc2 h6 17. h3 Re8 18. Rab1 Qa5 19. b4 cxb3 20. Rxb3 Rec8 21. Qb2 Nb6 22. Qa1 Na4 1/2-1/2

[Event "HUN-ch U14"]
[Site "Balatonlelle"]
[Date "2009.06.28"]
[Round "2"]
[White "Grull, Denes"]
[Black "Balint, Daniel"]
[Result "1/2-1/2"]
[WhiteElo "1564"]
[BlackElo "1782"]
[PlyCount "42"]
[EventDate "2009.06.27"]
[EventType "swiss"]
[EventRounds "9"]
[EventCountry "HUN"]
[SourceTitle "EXT 2011"]
[Source "ChessBase"]
[SourceDate "2010.11.26"]
[SourceVersion "1"]
[SourceVersionDate "2010.11.26"]
[SourceQuality "1"]

1. e4 c5 2. Nf3 d6 3. Bb5+ Bd7 4. Bxd7+ Nxd7 5. 0-0 Ngf6 6. Nc3 e6 7. d4 cxd4 8. Nxd4 a6 9. Re1 Be7 10. f4 Nb6 11. Kh1 0-0 12. Qf3 Qc7 13. Qg3 Kh8 14. b3 Rac8 15. Bb2 Qc5 16. Nd1 Qh5 17. c4 Ng4 18. Rf1 Nd7 19. h3 Ngf6 20. Nf2 Nc5 21. Rae1 Qg6 1/2-1/2

[Event "HUN-chT2 Szechenyi 0809"]
[Site "Hungary"]
[Date "2009.02.16"]
[Round "7.12"]
[White "Toth, Kristof Istvan"]
[Black "Grull, Denes"]
[Result "1/2-1/2"]
[WhiteElo "1791"]
[BlackElo "1564"]
[PlyCount "72"]
[EventDate "2008.10.26"]
[EventType "team-tourn"]
[EventRounds "11"]
[EventCountry "HUN"]
[SourceTitle "EXT 2010"]
[Source "ChessBase"]
[SourceDate "2010.11.25"]
[SourceVersion "1"]
[SourceVersionDate "2010.11.25"]
[SourceQuality "1"]
[WhiteTeam "Tapolca II"]
[BlackTeam "Haladas"]
[WhiteTeamCountry "HUN"]
[BlackTeamCountry "HUN"]

1. e4 c6 2. d4 d5 3. exd5 cxd5 4. Nc3 Nc6 5. Bf4 Nf6 6. Be2 a6 7. Nf3 Bf5 8. a3 e6 9. 0-0 Bd6 10. Bxd6 Qxd6 11. Re1 0-0 12. Nh4 Bg6 13. Nxg6 hxg6 14. Qd3 Qf4 15. Rad1 Rac8 16. Na4 Nd7 17. Nc3 Nb6 18. b3 Rc7 19. Bf1 Rfc8 20. Ne2 Qf6 21. f4 Ne7 22. Rd2 Qf5 23. Qxf5 Nxf5 24. c3 Nd7 25. Rd3 Nf6 26. Rc1 Ne4 27. g3 Nfd6 28. a4 Kf8 29. Bg2 Kg8 30. Kf1 Kf8 31. Ke1 Kg8 32. Kf1 Kf8 33. Ke1 Kg8 34. Kf1 Kf8 35. Ke1 Kg8 36. Kf1 Kf8 1/2-1/2